FIFA Club World Cup Winners - Statistics

General Stats
  • This quiz has been taken 25 times
  • The average score is 15 of 19
Answer Stats
Year Final Losers Answer % Correct
2021 Palmeiras Chelsea
100%
2009 Estudiantes Barcelona
96%
2011 Santos Barcelona
96%
2015 River Plate Barcelona
96%
2014 San Lorenzo Real Madrid
96%
2016 Kashima Antlers Real Madrid
96%
2017 Gremio Real Madrid
96%
2018 Al Ain Real Madrid
96%
2022 Al Hilal Real Madrid
96%
2007 Boca Juniors AC Milan
88%
2013 Raja Casablanca Bayern Munich
83%
2020 UANL Bayern Munich
83%
2010 TP Mazembe Inter Milan
83%
2019 Flamengo Liverpool
83%
2023 Fluminense Man City
63%
2008 LDU Quito Man United
54%
2012 Chelsea Corinthians
38%
2005 Liverpool Sao Paulo
33%
2006 Barcelona Internacional
25%
No matching quizzes found
Score Distribution
Percent of People with Each Score
Percentile by Number Answered
Your Score History
You have not taken this quiz